000 00696nam a2200289Ia 4500
005 20260324122356.0
008 008 260324s9999 xx 000 0 eng d
020 _a9781315553368
037 _aEBOOK
040 _aCRL
040 _beng
040 _cCRL
041 _2eng
041 _aeng
084 _qCRL
100 _aPeter McGrail
_91166203
245 4 _aThe Rite of Christian Initiation
245 0 _bAdult Rituals and Roman Catholic Ecclesiology
260 _bTaylor and Francis
260 _c2013
365 _a
365 _b240
856 _uhttp://www.taylorfrancis.com/books/9781315553368
942 _cEBOOK
999 _c1758903
_d1758903